Statistics for Mondegreens

Click here to take the quiz!

General Stats

  • This quiz has been taken 132 times
  • The average score is 5 of 15

Answer Stats

HintAnswer% Correct
Hold me closer, Tony DanzaHold me closer, tiny dancer
81%
Jose can you see?O, Say can you see?
58%
Secret Asian manSecret agent man
56%
'Scuse me while I kiss this guy'Scuse me while I kiss the sky
54%
I'm 264 my shirt, 264 my shirtI'm too sexy for my shirt too sexy for my shirt
42%
Sugar fried honey buttSugar Pie, Honey Bunch
36%
The ants are my friends, they're blowing in the windThe answer, my friend, is blowing in the wind
31%
There's a bathroom on the rightThere's a bad moon on the rise
27%
I want a new truckI want a new drug
23%
I'll never leave your pizza burningI'll never be your beast of burden
16%
Pretty Woman, won't you lick my leg?Pretty Woman, won't you look my way?
11%
She's got a tick in her eyeShe's got a ticket to ride
11%
Hope the city voted for youHopelessly devoted to you
8%
Jim Dandy ate the red stewJim Dandy to the rescue
6%
Dancing in a frying panDancing and a-prancing
0%

Score Distribution

Percentile by Number Answered

Percent of People with Each Score

Your Score History

You have not taken this quiz